Lech Poznań skład 2023/2024 - Statystyki

Ogólne statystyki
  • Ten quiz został rozwiązany 640 razy
  • Średni wynik to 19 z 32
Statystyki odpowiedzi
Numer Imię i Nazwisko % Poprawnych
9 Mikael Ishak
95%
35 Filip Bednarek
93%
41 Bartosz Mrozek
92%
2 Joel Pereira
82%
10 Filip Marchwiński
81%
11 Kristoffer Velde
81%
17 Filip Szymczak
80%
16 Antonio Milić
76%
18 Bartosz Salamon
75%
22 Radosław Murawski
73%
7 Afonso Sousa
72%
3 Barry Douglas
70%
90 Artur Sobiech
69%
50 Adriel Ba Loua
68%
5 Elias Andersson
67%
8 Ali Gholizadeh
63%
6 Jesper Karlstrom
63%
21 Dino Hotić
61%
15 Michał Gurgul
61%
44 Alan Czerwiński
58%
23 Miha Blazic
57%
25 Filip Dagerstal
52%
30 Nika Kvekveskiri
50%
54 Filip Wilak
44%
55 Maksymilian Pingot
43%
31 Mateusz Mędrala
34%
33 Mateusz Pruchniewski
28%
19 Maksymilian Dziuba
24%
24 Joao Amaral
23%
20 Bartosz Tomaszewski
17%
28 Filip Borowski
13%
53 Aleksander Nadolski
12%
Nie znaleziono quizów pasujących do podanych kryteriów
Rozkład punktacji
Procent ludzi z każdym wynikiem
Percentyl według liczby udzielonych odpowiedzi
Twoja historia wyników
Nie rozwiązałeś tego quizu